| 000 | 00447nam a2200181Ia 4500 | ||
|---|---|---|---|
| 001 | 10584 | ||
| 005 | 20260306161843.0 | ||
| 008 | 260306t2010||||xx |||||||||||||| ||spa|| | ||
| 041 | _aESP | ||
| 082 |
_a940.55 _bH43 |
||
| 100 |
_aHernández, Jesús, _eAUT |
||
| 245 | 0 | _aHistorias asombrosas de la segunda guerra mundial | |
| 260 | _c2010 | ||
| 300 |
_a394 páginas : _c22 cm. |
||
| 650 | _aGEN | ||
| 654 | _aCHU | ||
| 942 |
_cLIB _dJUS _fJUS _2ddc _n |
||
| 999 |
_c10584 _d10584 |
||